| 000 | 005020000a22001690004500 | ||
|---|---|---|---|
| 003 | MACL | ||
| 005 | 20160407114200.0 | ||
| 008 | 160407b xxu||||| |||| 00| 0 eng d | ||
| 040 |
_aMACL _cMACL |
||
| 041 | _aHindi | ||
| 082 | _a398 | ||
| 100 |
_aरमणिका गुप्ता _948290 |
||
| 245 |
_aआदिवासी लोक _bलोक अस्मिता 1 |
||
| 260 |
_bअंश प्रकाशन _c2007 _aदिल्ली |
||
| 350 | _a250 | ||
| 942 |
_cHIN _k398/GUP _2ddc |
||
| 999 |
_c41782 _d41782 |
||